000 00791nam a22002297a 4500
999 _c9725
_d9725
003 AR-CdUCM
008 190328b ||||| |||| 00| 0 spa d
040 _aMUNICIPALIDAD PROVINCIAL DEL CUSCO
_cBIBLIOTECA MUNICIPAL DEL CUSCO
041 _hfre
082 _a372.5 /
_bM42 / 1948
100 _aMendousse, Pierre
_926129
245 _aEl Alma del Adolescente /
260 _aBuenos Aires :
_bEdiciones Siglo Veinte ;
_c1948.
300 _a349 páginas ;
_c21cm
440 _aColección Psique
_926130
505 _aContenido: El segundo nacimiento -- La pubertad -- El ensueño -- La dialéctica -- Inestabilidad mental...
650 _aAdolescencia
_9127
650 _aPubertad
_922070
700 _aZimmerman, Hector F. (traducción)
_926131
942 _2ddc
_cLIBROS
945 _anom